| 000 | 00605nam a2200193 i 4500 | ||
|---|---|---|---|
| 001 | 53075 | ||
| 003 | ES-MaACL | ||
| 005 | 20230906162713.0 | ||
| 007 | t| | ||
| 008 | 031007s2002 sp ||||1| spa d | ||
| 020 | _a84-8198-396-9 | ||
| 080 | _a821.134.2-14"19" | ||
| 100 | 1 |
_aGawaingif de Montparnasse, Christian. _9142645 |
|
| 245 | 1 | 0 |
_aMis poesías _b: desde mi más tierna juventud / _cJosé Ángel Mazagatos Cano Uribarri Ayala. |
| 250 | _a1ª ed. | ||
| 260 |
_a[Madrid] : _bIncipit, _c2002. |
||
| 300 |
_a189 p. ; _c19 cm. |
||
| 852 |
_aES-MaACL _jL-26498 _z. - Dedicatoria autógrafa del autor |
||
| 999 |
_c53075 _d53075 |
||